[Event "CAN-ch University"]
[Site "London"]
[Date "2017.01.15"]
[Round "4"]
[White "Nasir, Zehn"]
[Black "Pokhrel, Sudhir"]
[Result "1-0"]
[WhiteElo "2203"]
[BlackElo "1368"]
[PlyCount "21"]
[EventDate "2017.01.14"]
[EventType "swiss"]
[EventRounds "5"]
[EventCountry "CAN"]
[SourceTitle "EXT 2022"]
[Source "ChessBase"]
[SourceDate "2021.10.06"]
[SourceVersion "1"]
[SourceVersionDate "2021.10.06"]
[SourceQuality "1"]

1. e4 e6 2. d4 d5 3. Nd2 b6 4. Bd3 Bb7 5. e5 Nd7 6. Ne2 c5 7. c3 f5 8. Nf4 Nxe5 9. dxe5 Qd7 10. Qh5+ Qf7 11. Bb5+ 1-0